Κατάλογος Βιβλιοθηκών Mediterranean College

Το Σύνταγμα της Ελλάδας / Στη Δημοτική, στην Καθαρεύουσα, με Σχόλια και Παρατηρήσεις (Record no. 2060)

MARC details
000 -LEADER
fixed length control field 00979cam a22001814a 4500
005 - ΗΜΕΡΟΜΗΝΙΑ ΚΑΙ ΩΡΑ ΤΕΛΕΥΤΑΙΑΣ ΕΝΗΜΕΡΩΣΗΣ
Πεδίο ελέγχου 20250605163316.0
008 - FIXED-LENGTH DATA ELEMENTS--GENERAL INFORMATION
Πεδίο ελέγχου σταθερού μήκους 250528s ||||||||||||||||||||||||d
035 ## - SYSTEM CONTROL NUMBER
System control number 16570
040 ## - ΠΗΓΗ ΚΑΤΑΛΟΓΟΓΡΑΦΗΣΗΣ
Φορέας πρωτότυπης καταλογογράφησης MC Athens Campus Library
Γλώσσα καταλογογράφησης Ελληνικά, Μοντέρνα (1453-)
Modifying agency MC Athens Campus Library
Κανόνες περιγραφικής καταλογογράφησης AACR2
245 1# - ΤΙΤΛΟΣ ΚΑΙ ΔΗΛΩΣΗ ΥΠΕΥΘΥΝΟΤΗΤΑΣ
Τίτλος Το Σύνταγμα της Ελλάδας / Στη Δημοτική, στην Καθαρεύουσα, με Σχόλια και Παρατηρήσεις
250 ## - EDITION STATEMENT
Edition statement 11η
260 ## - PUBLICATION, DISTRIBUTION, ETC.
Name of publisher, distributor, etc. Το Ποντίκι,
Date of publication, distribution, etc. 1992
300 ## - PHYSICAL DESCRIPTION
Extent 308
520 ## - SUMMARY, ETC.
Summary, etc. Βασικές Διατάξεις, Ατομικά και Κοινωνικά Δικαιώματα, Οργάνωση και Λειτουργίες της Πολιτείας, Πρόεδρος της Δημοκρατίας, Βουλή, Κυβέρνηση, Δικαστική Εξουσία, Διοίκηση, Ειδικές Τελικές και Μεταβατικές Διατάξεις, Το Σύνταγμα της Ελλάδας 1975.
942 ## - ADDED ENTRY ELEMENTS (KOHA)
Koha item type Books
Holdings
Τύπος τεκμηρίου Βιβλιοθήκη Τρέχουσα τοποθεσία Barcode Αριθμός εισαγωγής Ημερομηνία απόκτησης Ταξιθετικό σύμβολο Αριθμός αντιτύπου Κατάσταση απόσυρσης Κατάσταση χαμένου Κατάσταση κατεστραμμένου Μη δανεισμός Σύνολο δανεισμών Ημερομηνία τελευταίας εμφάνισης Η τιμή ισχύει από
Books MC Athens Campus Library MC Athens Campus Library 9780000020598 4274 05/06/2025 342.495023 PON 1           05/06/2025 05/06/2025

MC Athens Campus Library
Πατησίων 94 & Κοδριγκτώνος 13, 104 34
Πελλήνης 8 & Πατησίων 107, 112 51
Τ: +30 210 8899600

MC Thessaloniki Campus Library
Ίωνος Δραγούμη 21, 54625 | Ίωνος Δραγούμη 15, 54625
Τ: +30 2310 287779 – Τ: +30 2314 440300